Comunicación regional y local: balance y perspectivas del Fondo de Medios de Comunicación, Regional Provincial y Comunal 2001-2007
Shranjeno v:
| Format: | Knjiga |
|---|---|
| Jezik: | španščina |
| Izdano: |
Santiago
Ministerio de Secretaría de Gobierno
2008
|
| Teme: | |
| Oznake: |
Označite
Brez oznak, prvi označite!
|
MARC
| LEADER | 00000nam a2200000 a 4500 | ||
|---|---|---|---|
| 001 | UCI8023 | ||
| 003 | CL-VaPUC | ||
| 008 | 080731e20080000CL |||||||||||||||||spa|d | ||
| 082 | 0 | 4 | |a 302.2 |b COM |2 21 |
| 245 | 1 | 0 | |a Comunicación regional y local: balance y perspectivas del Fondo de Medios de Comunicación, Regional Provincial y Comunal 2001-2007 |
| 942 | |c BK | ||
| 945 | |d 20080731 00:00:00 |a jtorresc | ||
| 260 | |a Santiago |b Ministerio de Secretaría de Gobierno |c 2008 | ||
| 650 | 0 | |a Medios de comunicación |9 257206 | |
| 650 | 0 | |a Comunicación social |9 334226 | |
| 650 | 0 | |a Publicidad |9 314572 | |
| 650 | 0 | |a Prensa |9 258117 | |
| 650 | 0 | |a Radio |9 260680 | |
| 583 | |a last modification |c 20080731 00:00:00 |k Rodrigo Vera | ||
| 999 | |c 331124 |d 331122 | ||
| 952 | |0 0 |1 0 |4 0 |6 302_200000000000000_COM_2008 |7 0 |8 A |9 417270 |a BIBCUR |b BIBCUR |d 2019-11-22 |i 4467639 |o 302.2 COM 2008 |p 4467639 |r 2025-04-22 |w 2019-11-22 |y BK |k PER | ||